[Event "Barcelona Ideal Clave op 20th"]
[Site "Barcelona"]
[Date "2016.11.12"]
[Round "7"]
[White "Exposito Perez, Juan Miguel"]
[Black "Valcarcel Paz, Ramon"]
[Result "0-1"]
[WhiteElo "1468"]
[BlackElo "1355"]
[PlyCount "90"]
[EventDate "2016.10.01"]
[EventType "swiss"]
[EventRounds "8"]
[EventCountry "ESP"]
[SourceTitle "EXT 2018"]
[Source "ChessBase"]
[SourceDate "2017.10.13"]
[SourceVersion "1"]
[SourceVersionDate "2017.10.13"]
[SourceQuality "1"]

1. Nf3 g6 2. d4 Bg7 3. Bf4 Nf6 4. h3 0-0 5. e3 d6 6. Bd3 b6 7. 0-0 Bb7 8. Nbd2 Re8 9. Bh2 a6 10. c3 Nbd7 11. Qe2 e5 12. dxe5 Nxe5 13. Nxe5 dxe5 14. Rad1 Qd5 15. e4 Qxa2 16. Nc4 Nh5 17. Bc2 b5 18. b3 bxc4 19. Ra1 Qb2 20. Rfb1 Qxc3 21. bxc4 Bc6 22. Rc1 Bh6 23. Rd1 Nf4 24. Bxf4 exf4 25. f3 Qe3+ 26. Qf2 Qxf2+ 27. Kxf2 Red8 28. Ra5 Rxd1 29. Bxd1 Rd8 30. Be2 Bb7 31. c5 Rd2 32. Ke1 Rc2 33. Kd1 Rc3 34. Kd2 Bg7 35. e5 Rb3 36. Bc4 Re3 37. e6 Bc3+ 38. Kc2 Bxa5 39. exf7+ Kf8 40. Kb2 Bc8 41. h4 Be6 42. Bxe6 Rxe6 43. Kb3 Kxf7 44. Kc4 Be1 45. Kd5 a5 0-1

[Event "Barcelona Ideal Clave op 20th"]
[Site "Barcelona"]
[Date "2016.10.08"]
[Round "2"]
[White "Valcarcel Paz, Ramon"]
[Black "Palomero Galvez, Antonio"]
[Result "1/2-1/2"]
[WhiteElo "1355"]
[BlackElo "1591"]
[PlyCount "60"]
[EventDate "2016.10.01"]
[EventType "swiss"]
[EventRounds "8"]
[EventCountry "ESP"]
[SourceTitle "EXT 2018"]
[Source "ChessBase"]
[SourceDate "2017.10.13"]
[SourceVersion "1"]
[SourceVersionDate "2017.10.13"]
[SourceQuality "1"]

1. e4 e6 2. d4 d5 3. exd5 exd5 4. Nf3 Nf6 5. Bd3 Bb4+ 6. c3 Be7 7. 0-0 0-0 8. Re1 Nc6 9. Bg5 h6 10. Bh4 Re8 11. Nbd2 Be6 12. Bb5 Bd7 13. Bxc6 bxc6 14. Ne5 Rb8 15. b3 g5 16. Bg3 Rb6 17. Nxd7 Qxd7 18. h3 c5 19. Nf3 cxd4 20. Nxd4 Ne4 21. Re3 Nxg3 22. fxg3 c5 23. Nc2 Rd6 24. Rd3 Bf8 25. Qd2 Re5 26. Rd1 Qe6 27. Ne3 c4 28. bxc4 dxc4 29. Rxd6 Bxd6 30. Qxd6 Rxe3 1/2-1/2